| 000 | 03264cam a22003978i 4500 | ||
|---|---|---|---|
| 001 | 21634671 | ||
| 003 | NUST | ||
| 005 | 20240305144104.0 | ||
| 008 | 200729s2021 enk b 001 0 eng | ||
| 010 | _a 2020033651 | ||
| 020 | _a9780367619947 | ||
| 038 | _aMalang Jan | ||
| 040 |
_aDLC _beng _erda _cDLC _dDLC |
||
| 042 | _apcc | ||
| 043 | _aa-ii--- | ||
| 050 | 0 | 0 |
_aDS419 _b.H47 2021 |
| 082 | 0 | 0 |
_a363.690954 _223 _bHER |
| 245 | 0 | 0 |
_aHeritage conservation in postcolonial India : _bapproaches and challenges / _cedited by Manish Chalana and Ashima Krishna. |
| 263 | _a2101 | ||
| 264 | 1 |
_aAbingdon, Oxon ; _aNew York : _bRoutledge, _c2021. |
|
| 300 |
_a307p.: _bill; |
||
| 336 |
_atext _btxt _2rdacontent |
||
| 337 |
_aunmediated _bn _2rdamedia |
||
| 338 |
_avolume _bnc _2rdacarrier |
||
| 504 | _aIncludes bibliographical references and index. | ||
| 505 | 2 | _aDevelopments in Heritage Conservation: Institutions and Programs. The Evolving Role of India's Foremost Heritage Custodian: Archaeological Survey of India / Saptarshi Sanyal -- Critical Challenges in Heritage Conservation -- Emerging Trends in Heritage Conservation. Conserving vernacular heritage of minority groups in Malabar, Kerala / Patricia Tusa Fels -- Sustainable Approaches to Heritage Conservation. Community led sustainable and responsible tourism promoting intangible cultural heritage of West Bengal / Ananya Bhattacharya. | |
| 520 |
_a"Heritage Conservation in Postcolonial India seeks to position the conservation profession within historical, theoretical, and methodological frames to demonstrate how the field has evolved in the post-colonial decades and follow its various trajectories in research, education, advocacy, and practice. Split into four sections, this book covers important themes of institutional and programmatic developments in the field of conservation; critical, and contemporary challenges facing the profession; emerging trends in practice that seek to address contemporary challenges; and sustainable solutions to conservation issues. The cases featured within the book elucidate the evolution of heritage conservation profession, clarifying the role of key players at the central, state, and local level, and considers intangible, minority, colonial, modern and vernacular heritages among others. This book also showcases unique strands of conservation practice in the postcolonial decades to demonstrate the range, scope, and the multiple avenues of development in the last seven decades. An ideal read for those interested in architecture, planning, historic preservation, urban studies, and South Asian studies"-- _cProvided by publisher. |
||
| 650 | 0 |
_aHistoric preservation _zIndia. _9121841 |
|
| 650 | 0 |
_aCultural property _xProtection _zIndia. _9121842 |
|
| 700 | 1 |
_aChalana, Manish, _eeditor. _9121843 |
|
| 700 | 1 |
_aKrishna, Ashima, _eeditor. _9121844 |
|
| 776 | 0 | 8 |
_iOnline version: _tHeritage conservation practice in postcolonial India _dAbingdon, Oxon ; New York : Routledge, 2021 _z9781003109426 _w(DLC) 2020033652 |
| 906 |
_a7 _brip _corignew _d1 _eecip _f20 _gy-gencatlg |
||
| 942 |
_2ddc _cBK |
||
| 999 |
_c608554 _d608554 |
||